000 00497nam a2200193Ia 4500
003 GCL
008 140319s9999 xx 000 0 eng d
040 _aGCL /
_cGCL
082 0 4 _a944.03
_bA G
100 1 _aASHLEY, MAURICE
245 1 0 _aLE GRAND SIECLE: L'EUROPE DE 1598 A 1715 /
_cASHLEY, MAURICE
260 _a[S.N] :
_bFAYARD ،
_c1973
300 _a240 P
650 0 4 _aHISTORY
650 0 4 _aFRANCE
650 0 4 _aFRENCH HISTORY
650 0 4 _aBOURBON PERIOD,1589-1789
942 _2ddc
_cBK
999 _c24334
_d24334